000 07239 a2200541 4500
005 20080811163943.0
008 080811t xxu||||| |||| 00| f hin d
010 _aHIN-83901 B-296172-194
020 _a8181140257
_c200.00
035 _aHN-56247 B-296172-194
037 _bDBAD / PUB
040 _aDPL
_bHN
082 _a
100 _aमित्र, विमल
245 _aराजा होने की मुसीबत /
_cविमल मित्र
246 _aRaja hone kee mushibat
_bby Vimal Mitra
260 _aदिल्ली
_bराजभाषा प्रकाशन
_c2007
270 _a518/6 बी, कड़कड़ी रोड, विश्वास नगर, शाहदरा
_bदिल्ली
_e110032
300 _a112पृ
_c22 सेमी (सजिल्द)
650 _aहिन्दी उपन्यास
650 _aHIndi Novel
942 _adpl
_cHN
_2ddc
_h
_mमित्रवि
999 _c12713
_d12713